Economía y derecho : homenaje a Eduardo Conesa /
Guardado en:
| Otros Autores: | |
|---|---|
| Formato: | Libro |
| Idioma: | Spanish |
| Publicado: |
Ciudad Autónoma de Buenos Aires :
La Ley, Departamento de publicaciones UBA,
2018.
|
| Edición: | 1a. ed. |
| Series: | Colección Facultad de Derecho - Ciencias Sociales
|
| Materias: | |
| Etiquetas: |
Agregar Etiqueta
Sin Etiquetas, Sea el primero en etiquetar este registro!
|
| LEADER | 00734nam a22001935a 4500 | ||
|---|---|---|---|
| 001 | DER.der013718 | ||
| 008 | 181012s2018####ag############000#0#spa#d | ||
| 005 | 20231227140258.0 | ||
| 245 | 1 | 0 | |a Economía y derecho : |b homenaje a Eduardo Conesa / |c Luis Alberto Rey. |
| 250 | |a 1a. ed. | ||
| 260 | |a Ciudad Autónoma de Buenos Aires : |b La Ley, Departamento de publicaciones UBA, |c 2018. | ||
| 300 | |a 407 p. | ||
| 020 | |a 9789870333647 | ||
| 700 | 1 | |a Rey, Luis Alberto., |e coord. | |
| 830 | 0 | |a Colección Facultad de Derecho - Ciencias Sociales | |
| 650 | 7 | |a ANALISIS ECONOMICO DE LA ACCION COLECTIVA | |
| 650 | 7 | |a DIGNIDAD HUMANA DESDE EL ANALISIS ECONOMICO DEL DERECHO | |
| 650 | 7 | |a DERECHO Y ECONOMIA | |
| 859 | |a DERECHO |b BIB. DERECHO |h 346.07 |i REY |p 008777 | ||
